000 00353nam a22001337a 4500
020 _a9690009311
040 _cNUST
082 _a297
_bNAZ
100 _aSyed Nazar Zaidi
_9124964
245 _aAzeem Kaum Ki Kahani:
_bBacho Ka Leya Tareeh Islam
260 _aLahore:
_bFerozsons,
_c2010.
650 _aIslamic Children Book
_9124965
942 _2ddc
_cBK
999 _c610730
_d610730